Warrior Cats Original Series Quiz - Statistics

General Stats
  • This quiz has been taken 417 times
  • The average score is 27 of 35
Answer Stats
Hint Answer % Correct
Main Character Fireheart
98%
Firestar's mate Sandstorm
98%
Fireheart's best friend Graystripe
95%
Graystripe's mate Silverstream
93%
Fireheart's nephew Cloudtail
90%
Apprentice who lives with Barely Ravenpaw
90%
Trained Thunderclan's hero Bluestar
89%
Tigerclaw's dark Thunderclan ally Darkstripe
89%
Fireheart's first love Spottedleaf
89%
Deputy slaughtered by Tigerclaw Redtail
88%
Tigerclaw's son Bramblepaw
87%
Bluestar's son Stonefur
87%
Cinderpelt's second mentor Yellowfang
86%
She-cat who is attacked by dogs in A Dangerous Path Brightheart
85%
Oakheart's daughter Mistyfoot
85%
Tabby who betrayed Thunderclan Tigerclaw
85%
Fireheart's first ever apprentice Cinderpelt
84%
Bramblepaw's sister Tawnypaw
84%
Graystripe's mentor Lionheart
82%
Riverclan leader books 1-5 Crookedstar
81%
Speckletail's deaf kit Snowkit
81%
Riverclan leader books 5-6 Leopardstar
79%
Windclan leader Tallstar
78%
Shadowclan medicine cat Runningnose
74%
Swiftpaw's mentor, Tigerclaw's once-ally Longtail
72%
Fernpaw and Ashpaw's mother Brindleface
71%
Cinderpelt's brother Brackenfur
69%
Fireheart's Windclan friend Onewhisker
66%
Mistyfoot's supposed mother Graypool
60%
Silverstream's daughter Featherpaw
58%
Graystripe's son Stormpaw
57%
Fernpaw's mentor Dustpelt
49%
Described in allegiances as 'once-pretty tortoise-shell' Dappletail
48%
Brackenfur's mother Frostfur
44%
Windclan queen who Graystripe and Fireheart help Morningflower
40%
No matching quizzes found
Score Distribution
Percent of People with Each Score
Percentile by Number Answered
Your Score History
You have not taken this quiz